Statistics for One Word Country Clues

Click here to take the quiz!

General Stats

  • This quiz has been taken 58 times
  • The average score is 13 of 15

Answer Stats

WordAnswer% Correct
PizzaItaly
100%
GuinnessIreland
98%
IkeaSweden
96%
OlympicsGreece
96%
SamuraiJapan
96%
BeretFrance
92%
CigarsCuba
88%
FlamencoSpain
88%
DraculaRomania
87%
AutobahnGermany
79%
CanalPanama
77%
IncaPeru
77%
FezMorocco
75%
MountiesCanada
65%
VoodooHaiti
63%

Score Distribution

Percentile by Number Answered

Percent of People with Each Score

Your Score History

You have not taken this quiz